| 000 | 00406cam a2200169ua 4500 | ||
|---|---|---|---|
| 999 |
_c9527 _d9527 |
||
| 003 | OSt | ||
| 008 | 180831b ||||| |||| 00| 0 eng d | ||
| 020 | _a0-333-53180-9 | ||
| 082 |
_a551.48 _bWIL/EN |
||
| 100 |
_aWilson, E M . _93292 |
||
| 245 | _a /Engineering hydrology | ||
| 250 | _a4 | ||
| 260 |
_aHampshire : _bMcMillan Education Ltd , _c1990. |
||
| 300 | _a348 ; . | ||
| 500 | _a*CSS | ||
| 942 | _cBK | ||